| 000 | 00854nam a2200277 a 4500 | ||
|---|---|---|---|
| 001 | 73161 | ||
| 003 | BD-RjUL | ||
| 005 | 20211209082345.0 | ||
| 008 | 170528s1962 enka b 001 0 eng | ||
| 035 | _a(BD-RjUL)73379 | ||
| 040 |
_aDLC _cGAT _dBD-RjUL _beng |
||
| 041 | _aeng | ||
| 082 |
_223 _a621.3 _bDUH 1962 |
||
| 100 | 1 |
_aDunsheath, Percy, _d1886- _9216416 |
|
| 245 | 1 | 2 |
_aA history of electrical engineering / _cPercy Dunsheath |
| 260 |
_aLondon : _bFaber and Faber, _c1962. |
||
| 300 |
_a368 p. : _bill. ; _c23 cm. |
||
| 490 | 0 | _aTechnology today and tomorrow | |
| 504 | _aIncludes index and bibliography. | ||
| 650 | 0 |
_aElectrical engineering _xHistory. _9216417 |
|
| 650 | 0 |
_aElectricity _xHistory. _9215558 |
|
| 740 | 0 | _aElectrical engineering. | |
| 830 |
_aTechnology today and tomorrow _9216418 |
||
| 942 |
_2ddc _cBK |
||
| 999 |
_c73161 _d73161 |
||